01087cam a22002777a 4500999001500000001000600015003000900021005001700030008004100047020002300088035002300111040004900134082001600183100002800199245008900227260011000316300004100426504005400467600002500521650003800546650004000584650003800624700002100662942001200683952011400695 c3353d335312442BD-DhUAP20200304102531.0200304s2004 it ace b 000 0 eng d a8884914191 (cased) a(OCoLC)ocm57706538 aSISPLcSISPLdC3LdOCLCQdORUdBD-DhUAPbEng04a728 CIA2231 aCianchetta, Alessandra.10aAlvaro Siza :bprivate houses 1954-2004 /cAlessandra Cianchetta and Enrico Molteni. aMilano :bSkira ;aNew York :bDistributed in North America by Rizzoli International Publications,c2004. a231 pages :billustrations ;c29 cm. aIncludes bibliographical references (p. 227-230).10aSiza, Alvaro,d1933- 0aArchitecture, DomesticzPortugal. 0aArchitecture, Moderny20th century. 0aHousing, Single familyzPortugal.1 aMolteni, Enrico. 2ddccBK 00102ddc4070aUAPCLbUAPCLcGeneral Stacksd2020-03-04o728 CIAp3010012442r2020-03-04t1w2020-03-04yBK